Organic chemistry. V 1. The fundamental principles (Record no. 30267)

MARC details
000 -LEADER
fixed length control field 00339nam a2200133Ia 4500
082 ## - DEWEY DECIMAL CLASSIFICATION NUMBER
Classification number 547
Item number FIN.1
100 ## - MAIN ENTRY--AUTHOR NAME
Personal name Finar, I L
245 #0 - TITLE STATEMENT
Title Organic chemistry. V 1. The fundamental principles
250 ## - EDITION STATEMENT
Edition statement Ed. 6
260 ## - PUBLICATION, DISTRIBUTION, ETC. (IMPRINT)
Place of publication London
Name of publisher ELBS
Year of publication 1973
650 ## - SUBJECT ADDED ENTRY--TOPICAL TERM
Topical Term Organic chemistry
942 ## - ADDED ENTRY ELEMENTS (KOHA)
Koha item type Books
Holdings
Withdrawn status Lost status Damaged status Not for loan Home library Current library Date acquired Cost, normal purchase price Full call number Accession Number Koha item type
        RRII Library RRII Library 16/12/2021 2.35 547 FIN.1 10841 Books